=LDR 00000nam 2200000 4500 =001 INLIS000000000021336 =005 20130612120212 =008 ***********************************Ind** =035 ##$$0010-061300000021336 =041 ##$$a Ind =082 ##$$a 658 =090 ##$$a 658, Waw m =100 ##$$a Waworunto, Tony =245 ##$$a Manajemen Untuk Sekretaris, Tony Waworunto =260 ##$$a 1993 $b Jakarta =300 ##$$a xiii, 120 hlm, Ilus, 24 cm =650 ##$$a Manajemen =850 ##$$a NBPNMAT